| 000 | 01374nam1a2200289 i 4500 | ||
|---|---|---|---|
| 001 | RU\NLR\b_ik\198056 | ||
| 005 | 20260406011534.0 | ||
| 035 | _a(NLR Aleph) 002270436 | ||
| 090 |
_a3942849 _c3942849 |
||
| 100 | _a20121025g20119999u y0rusy50 ba | ||
| 101 | 0 | _aeng | |
| 102 | _aRU | ||
| 105 | _a||||z ||||| | ||
| 200 | 1 |
_aParameters of the normal heart _fLeo A. Bockeria, Osman A. Makhachev, Marina S. Panova [et al.] |
|
| 210 |
_aMoscow _cBakoulev scientific centre for cardiovascular surgery _d2011 |
||
| 215 | _d29 | ||
| 463 | 1 |
_1001RU\NLR\b_ik\192675 _12001#$a(Аutopsy data) _0RU\NLR\b_ik\192675 _93873045 _cБ. м. _d2011 _p129 с. _tParameters of the normal heart. - (Аutopsy data) _y978-5-7982-0275-1 |
|
| 541 | 0 |
_aПараметры нормального сердца _zrus |
|
| 606 | 1 |
_aСердце _xТопографическая анатомия _91684060 _3RU\NLR\AUTH\661046636 |
|
| 686 | 1 | _aР457.345.01-4 | |
| 700 | 1 |
_4070 _8rus _7ba _aBokerija _bL. A. _f1939- _gLeonid Antonovič _3RU\NLR\AUTH\77117012 _999937 |
|
| 701 | 1 |
_4070 _8rus _7ba _aMachačev _bO. A. _f1952- _gOsman Abdulmalikovič _3RU\NLR\AUTH\77117014 _999939 |
|
| 701 | 1 |
_4070 _8rus _7ba _aPanova _bM. S. _cврач-кардиолог _gMarina Stanislavovna _3RU\NLR\AUTH\77117017 _999942 |
|
| 801 | 0 |
_aRU _bNLR _c20121025 _gRCR |
|
| 852 |
_aNLR _bИк _j2011-8/260 |
||
| 942 | _cBOOK | ||